| 000 | 01144cab a22002895a 4500 | ||
|---|---|---|---|
| 001 | L160003 | ||
| 008 | 150113e2016 xxk 000 0 eng d | ||
| 035 | _a(Sirsi) u160003 | ||
| 041 | 0 | _aeng | |
| 050 | _a690.231 | ||
| 100 | 1 | _aMuldoon-Smith, Kevin | |
| 245 | 0 | 0 |
_aRealigning the built environment _h[electronic resource] |
| 260 |
_aLondon _bRICS _c2016 |
||
| 490 |
_aRICS Building Surveying Journal _vJuly 2016 - August 2016, 16-17(2) |
||
| 520 | _aConversion and adaptation are essential to keeping pace with a dynamic real estate market. | ||
| 650 | 2 | 4 | _aCONVERSIONS |
| 650 | 2 | 4 | _aOBSOLESCENCE |
| 650 | 2 | 4 | _aPERMITTED DEVELOPMENT RIGHTS |
| 650 | 2 | 4 | _aBUSINESS PREMISES |
| 650 | 2 | 4 | _aBUILT ENVIRONMENT-BUILDING MAINTENANCE AND REFURBISHMENT-BUILDING ADAPTATION |
| 651 | 4 |
_aUnited Kingdom _y |
|
| 690 |
_aBuilding surveying _96225 |
||
| 700 | 1 | _aGreenhalgh, Paul | |
| 856 | 4 | 0 |
_uhttps://www.rics.org/Global/BSJ%20BCJ%20July%20August%202016.pdf _zView the article free of charge at www.rics.org... |
| 856 | 4 | 0 |
_uhttps://www.rics.org/Global/BSJ%20BCJ%20July%20August%202016.pdf _yAvailable free online via Issuu |
| 942 |
_n0 _2ddc |
||
| 999 |
_c85119 _d85119 |
||